Summer Nights - John Travolta & Olivia Newton-John - All Lyrics - Statistics

General Stats
  • This quiz has been taken 145 times
  • The average score is 362 of 421
Answer Stats
Answer % Correct
a
100%
Ah-ha
100%
(Ah-ha,
100%
ah-ha,
100%
ah-ha
100%
bop
100%
bop,
100%
bop)
100%
me
100%
me,
100%
oh,
100%
Shooda-bop
100%
(Shooda-bop
100%
shooda-bop
100%
Summer
100%
summer
100%
uh
100%
uhhh-huh)
100%
(Uh-huh,
100%
uh-huh)
100%
Uh-huh,
100%
uh-huh,
100%
Woah,
100%
woah,
100%
woah
100%
(Wow,
100%
wow,
100%
wow)
100%
he
99%
He
99%
I
99%
be
97%
more,
97%
more
97%
nights
97%
Tell
97%
tell
97%
for
96%
so
96%
So
96%
We
96%
we
96%
boy
95%
crazy
95%
(Doo-ba-ba-ba,
95%
doo-ba-ba-ba)
95%
Doobie
95%
doobie
95%
doobie-doo,
95%
doobie-doo
95%
(Doobie-doo,
95%
doobie-down
95%
(Doo-do)
95%
(Doo-do,
95%
Doo-do,
95%
doo-do,
95%
doo-doo-doo)
95%
(Doo-ra-ra,
95%
doo-ra-ra,
95%
doo-ra-ra)
95%
girl
95%
have
95%
lovin',
95%
car?
94%
Did
94%
did
94%
fast
94%
Like
94%
like
94%
met
94%
Met
94%
She
94%
she
94%
blast
92%
happened
92%
you
92%
days
91%
does
91%
had
91%
can
90%
cute
90%
as
88%
the
88%
get
87%
got
87%
love
86%
it
84%
It
84%
To,
84%
Was
83%
was
83%
those
82%
at
79%
But,
79%
But
79%
up
79%
Well,
79%
Well-a,
79%
well-a,
79%
her
78%
my
78%
away
77%
far?
77%
very
77%
what
77%
in
75%
friend?
74%
mean
74%
Down
73%
(Down
73%
down
73%
that's
71%
first
70%
sight?
70%
by
69%
driftin'
69%
know
69%
now
69%
sand
69%
she's
69%
where
69%
fight?
68%
out
68%
Then
68%
told
68%
Yeah
68%
yeah)
68%
made
66%
and
65%
doin'
65%
Wonder
65%
ends
64%
Could
62%
drowned
62%
friends
62%
put
62%
around
61%
nearly
61%
hand
60%
How
60%
still
60%
turned
60%
we'd
60%
dreams
58%
under
58%
true
57%
don't
56%
holding
56%
just
56%
our
56%
splashin'
56%
swam
56%
went
56%
cramp
55%
saved
55%
thing
55%
colder,
53%
life,
53%
friendly
52%
much
52%
showed
52%
sweet,
52%
good,
51%
ripped
51%
dock
49%
meet
49%
ran
49%
off
48%
'til
48%
'Cause
47%
eighteen
47%
seams
47%
ten
47%
damp
45%
drag
45%
fling
45%
o'clock
45%
sounds
45%
vow
45%
stayed
44%
sun,
44%
suit
43%
spend?
42%
Took
39%
arcade
38%
dough
38%
drank
36%
lemonade
36%
heat,
35%
begun
34%
brag
34%
something's
34%
bowlin'
32%
gotta
31%
strollin',
23%
No matching quizzes found
Score Distribution
Percent of People with Each Score
Percentile by Number Answered
Your Score History
You have not taken this quiz